| 000 | 00763nam a22002177a 4500 | ||
|---|---|---|---|
| 008 | 081114t xxu||||| |||| 00| 0 eng d | ||
| 010 | _aENG-91609 | ||
| 020 |
_a9788189975357 _c250.00 |
||
| 035 | _aEN-75142 | ||
| 037 | _bDBAD / PUB | ||
| 040 |
_adpl _bEnglish |
||
| 082 | _aS | ||
| 100 | _aUtley, Jaspar | ||
| 245 |
_aTales from the Puffugees / _cby Jaspar Utley |
||
| 260 |
_aNew Delhi _bWestland Books _c2008 |
||
| 270 |
_aF-5, Okhla Industrial Area, Phase - I, Mezzanine Floor _bNew Delhi _e110002 |
||
| 300 |
_a179p. _c22cm (pbk) |
||
| 650 | _aShort stories, English | ||
| 942 |
_2ddc _cEN _mUTL _hS |
||
| 999 |
_c18418 _d18418 |
||